00352pab a2200133 454500008004000000100001600040245005300056260000900109300001300118362001100131650001400142650002800156773003400184180718b2014 xxu||||| |||| 00| 0 eng d aTabraz, S S aThe Arab uprisings and the question of democracy c2014 ap.19-21. a11 Jan aDemocracy aPolitics and government aEconomic and Political Weekly